<?xml version="1.0" encoding="UTF-8"?><?xml-stylesheet type="text/xsl" href="static/style.xsl"?><OAI-PMH xmlns="http://www.openarchives.org/OAI/2.0/" xmlns:xsi="http://www.w3.org/2001/XMLSchema-instance" xsi:schemaLocation="http://www.openarchives.org/OAI/2.0/ http://www.openarchives.org/OAI/2.0/OAI-PMH.xsd"><responseDate>2026-06-02T06:38:36Z</responseDate><request verb="GetRecord" identifier="oai:riuma.uma.es:10630/40367" metadataPrefix="marc">https://riuma.uma.es/rest/oai/request</request><GetRecord><record><header><identifier>oai:riuma.uma.es:10630/40367</identifier><datestamp>2026-02-03T11:52:17Z</datestamp><setSpec>com_10630_2254</setSpec><setSpec>col_10630_37959</setSpec></header><metadata><record xmlns="http://www.loc.gov/MARC21/slim" xmlns:dcterms="http://purl.org/dc/terms/" xmlns:doc="http://www.lyncode.com/xoai" xmlns:xsi="http://www.w3.org/2001/XMLSchema-instance" xsi:schemaLocation="http://www.loc.gov/MARC21/slim http://www.loc.gov/standards/marcxml/schema/MARC21slim.xsd">
   <leader>00925njm 22002777a 4500</leader>
   <datafield ind2=" " ind1=" " tag="042">
      <subfield code="a">dc</subfield>
   </datafield>
   <datafield ind2=" " ind1=" " tag="720">
      <subfield code="a">Rodríguez-Cano, Miguel Ángel</subfield>
      <subfield code="e">author</subfield>
   </datafield>
   <datafield ind2=" " ind1=" " tag="720">
      <subfield code="a">García-Mateos, Francisco José</subfield>
      <subfield code="e">author</subfield>
   </datafield>
   <datafield ind2=" " ind1=" " tag="720">
      <subfield code="a">Valero-Romero, María José</subfield>
      <subfield code="e">author</subfield>
   </datafield>
   <datafield ind2=" " ind1=" " tag="720">
      <subfield code="a">Ruiz-Rosas, Ramiro Rafael</subfield>
      <subfield code="e">author</subfield>
   </datafield>
   <datafield ind2=" " ind1=" " tag="720">
      <subfield code="a">Rosas-Martínez, Juana María</subfield>
      <subfield code="e">author</subfield>
   </datafield>
   <datafield ind2=" " ind1=" " tag="720">
      <subfield code="a">Rodríguez-Mirasol, José</subfield>
      <subfield code="e">author</subfield>
   </datafield>
   <datafield ind2=" " ind1=" " tag="720">
      <subfield code="a">Cordero-Alcántara, Tomás</subfield>
      <subfield code="e">author</subfield>
   </datafield>
   <datafield ind2=" " ind1=" " tag="260">
      <subfield code="c">2023</subfield>
   </datafield>
   <datafield ind2=" " ind1=" " tag="520">
      <subfield code="a">The production of light olefins is of primary importance in the chemical industry, serving as building blocks for the manufacture of a wide spectrum of derivatives. Among possible options, the High-temperature Fischer-Tropsch synthesis (HT-FTS) is a process that converts synthesis gas (a mixture of CO and H2) from coal, natural gas and renewable biomass to short-chain unsaturated hydrocarbons without intermediate steps, using iron-based catalysts at relatively high temperature (300-350 ºC). In this context, the development of efficient routes for the transformation of biomass waste into useful chemicals and fuels is of primary importance due to the growing concerns of greenhouse effects of using fossil resources. Furthermore, lignocellulosic biomass waste could be used to produce renewable FTS catalyst supports, and as a result both processes of biomass conversion have a positive environmental and economic impact (Valero-Romero, 2021).&#xd;
In the present work, submicro-sized iron-containing lignin fibers have been prepared by the electrospinning technique, using Alcell lignin as carbon precursor, a low-cost co-product of the paper making industry. Carbon fibers were obtained by carbonization of Fe-containing lignin fibers at different temperatures, yielding iron nanoparticles very well dispersed on the carbon fibers surface. These fibrillar catalysts were tested for HT-FTS with an H2/CO ratio comparable to that of the syngas from the gasification of biomass.</subfield>
   </datafield>
   <datafield ind1="8" ind2=" " tag="024">
      <subfield code="a">https://hdl.handle.net/10630/40367</subfield>
   </datafield>
   <datafield tag="653" ind2=" " ind1=" ">
      <subfield code="a">Fischer-Tropsch, Procedimiento de</subfield>
   </datafield>
   <datafield tag="653" ind2=" " ind1=" ">
      <subfield code="a">Fibras de carbono</subfield>
   </datafield>
   <datafield tag="653" ind2=" " ind1=" ">
      <subfield code="a">Química industrial</subfield>
   </datafield>
   <datafield ind2="0" ind1="0" tag="245">
      <subfield code="a">Fischer-Tropsch synthesis over iron-containing lignin carbon fiber catalysts prepared in a single step by electrospinning.</subfield>
   </datafield>
</record>
</metadata></record></GetRecord></OAI-PMH>